[Event "chess.com SpeedChess 2022"]
[Site "chess.com INT"]
[Date "2022.12.06"]
[Round "1.19"]
[White "Carlsen, M.."]
[Black "Gukesh, D.."]
[Result "1-0"]
[WhiteElo "2859"]
[BlackElo "2725"]
[PlyCount "45"]
[EventDate "2022.11.23"]
[EventType "k.o."]

1. d4 Nf6 2. c4 e6 3. Nf3 d5 4. Nc3 Bb4 5. e3 O-O 6. a3 Bxc3+ 7. bxc3 dxc4 8. Bxc4 c5 9. O-O b6 $146 ({RR} 9... Qc7 10. Be2 Nbd7 11. Bb2 e5 12. Rc1 b6 13. c4 cxd4 14. exd4 exd4 15. Nxd4 Rd8 16. Nb5 Qc5 17. Bxf6 gxf6 18. Bf3 Rb8 19. Nxa7 Bb7 20. Bxb7 Rxb7 21. Nb5 Rbb8 22. Qg4+ Kh8 23. Rc3 Ne5 24. Qf5 {Moranda,K-Bursa,R Krynica 1998 1-0 (41)}) ({RR} 9... Qc7 10. Qe2 Nc6 11. a4 b6 12. Ba3 Rd8 13. Rac1 Bb7 14. e4 cxd4 15. cxd4 Nxd4 16. Nxd4 Rxd4 17. Bd5 Qd7 18. Bb2 Rxa4 19. Bxf6 gxf6 20. Qg4+ Kf8 21. Bxb7 Qxb7 22. Qf4 Qxe4 23. Qxf6 Kg8 24. Rc3 {Taboas Rodriguez,D (2360)-Xu,Y (2495) chess.com INT 2024 1-0}) 10. Qe2 Qc7 11. e4 Nbd7 12. e5 Nd5 13. Ng5 h6 14. Ne4 f6 15. Bxh6 gxh6 16. Qg4+ Kh8 17. Qg6 Bb7 18. Qxh6+ Kg8 19. Qg6+ Kh8 20. Rad1 Nxe5 21. dxe5 Qxe5 22. Bxd5 exd5 23. Rd3 1-0

[Event "chess.com SpeedChess 2022"]
[Site "chess.com INT"]
[Date "2022.12.06"]
[Round "1.11"]
[White "Carlsen, M.."]
[Black "Gukesh, D.."]
[Result "1-0"]
[WhiteElo "2859"]
[BlackElo "2725"]
[PlyCount "91"]
[EventDate "2022.11.23"]
[EventType "k.o."]

1. d4 Nf6 2. c4 e6 3. Nc3 Bb4 4. e3 O-O 5. a4 $146 ({RR} 5. a3 Bxc3+ {½-½ (5) Kopta,P (2220)-Smejkal,L (2185) Frymburk 2000}) ({RR} 5. a3 Be7 6. e4 d6 7. Nf3 e5 8. Be2 exd4 9. Nxd4 Re8 10. O-O Nc6 11. Be3 Bf8 12. f3 g6 13. Qd2 Bg7 14. Rfd1 Nd7 15. Rab1 Nde5 16. Nxc6 bxc6 17. c5 Bf8 18. b4 Be6 19. cxd6 Bxd6 {Caruana,F (2798)-Mitrabha,G (2518) chess.com INT 2024 1-0 (33)}) ({RR} 5. a3 Be7 6. e4 d6 7. Nf3 c5 8. d5 exd5 9. cxd5 Bg4 10. Be2 Nbd7 11. O-O a6 12. a4 Rb8 13. Nd2 Bxe2 14. Qxe2 Re8 15. a5 Bf8 16. f3 b5 17. axb6 Nxb6 18. Qd3 a5 19. Nc4 Nxc4 {Ten Hacken,J (2020)-Joentausta,H (2097) Prague CZE 2025 1-0 (47)}) 5... d5 6. Nf3 c5 7. Bd2 Nc6 8. dxc5 Bxc5 9. Be2 dxc4 10. Bxc4 b6 11. O-O Bb7 12. Qe2 Qe7 13. Rfd1 Rfd8 14. Ba6 Bxa6 15. Qxa6 Nb4 16. Qe2 Nd3 17. Be1 Nxe1 18. Nxe1 Bb4 19. Nb5 Bxe1 20. Qxe1 Ne4 21. Rac1 h6 22. Nd4 Qf6 23. b4 Rac8 24. f3 Rxc1 25. Rxc1 Nd6 26. Nc6 Rd7 27. Qd2 Qg5 28. Rc2 Qd5 29. Qxd5 exd5 30. Kf2 Kf8 31. b5 Ke8 32. Nb4 Nc4 33. Nxd5 Rxd5 34. Rxc4 Rd2+ 35. Kg3 Ra2 36. f4 Kd7 37. Kf3 h5 38. h3 h4 39. f5 Kd6 40. Rxh4 Ke5 41. Rf4 Ra1 42. g4 Rf1+ 43. Kg3 Re1 44. Kf2 Rh1 45. Rc4 Rxh3 46. Rc7 1-0

[Event "Olympiad-42"]
[Site "Baku"]
[Date "2016.09.03"]
[Round "2.1"]
[White "Carlsen, Magnus"]
[Black "Hossain, Enamul"]
[Result "1-0"]
[WhiteElo "2857"]
[BlackElo "2431"]
[Annotator "Krasenkow,Michal"]
[PlyCount "65"]
[EventDate "2016.09.02"]
[EventType "team-swiss"]
[EventRounds "11"]
[EventCountry "AZE"]
[SourceTitle "CBM 175"]
[Source "ChessBase"]
[SourceDate "2016.11.10"]
[SourceVersion "1"]
[SourceVersionDate "2016.11.10"]
[SourceQuality "1"]
[WhiteTeam "Norway"]
[BlackTeam "Bangladesh"]
[WhiteTeamCountry "NOR"]
[BlackTeamCountry "BAN"]

1. e3 Nf6 2. Nf3 e6 3. c4 b6 4. Nc3 Bb7 5. d4 Bb4 {A very original move order - and finally a normal position of the Nimzo-Indian Defense.} 6. Bd3 Ne4 7. O-O Bxc3 8. bxc3 O-O 9. Ne1 {Typical: White ousts Black's knight from the centre but it takes some time; besides, White's knight has no good prospects.} ({RR} 9. Ba3 d6 10. Qc2 f5 11. d5 exd5 12. Nd4 Qe8 13. cxd5 Bxd5 14. c4 Bb7 15. f3 Nc5 16. Bxc5 Qxe3+ 17. Kh1 dxc5 18. Nxf5 Qg5 19. f4 Qf6 20. Ne3 Qh6 21. Nf5 Qf6 22. Ng3 Qh6 23. Ne4 Nc6 {Edouard,R (2664)-Meribanov,V (2407) Eilat 2012 ½-½ (61)}) 9... c5 $6 {This is not active enough. White creates a strong and solid pawn centre.} (9... f5 {is the main theoretical line seen in hundreds of games. Here is one of them, played at the highest level:} 10. f3 Ng5 11. Qe2 Qf6 12. Nc2 d6 13. a4 Nc6 14. Ba3 Qg6 15. f4 Ne4 16. Bxe4 fxe4 17. c5 Rfd8 18. cxd6 cxd6 19. d5 exd5 20. Nd4 Nxd4 21. cxd4 a5 $13 {1/2 (39) Gelfand,B (2741)-Vallejo Pons,F (2703) Leon 2010}) (9... d5 {leads to the Botvinnik pawn structure, which is rather favorable for White, e.g.} 10. cxd5 exd5 11. f3 Nf6 12. Rb1 Re8 13. Rb2 Qd7 14. g4 g6 15. Ng2 c5 16. Nf4 Qd6 17. Qe1 cxd4 18. cxd4 Nc6 19. Qh4 Na5 20. Rg2 Rac8 21. Qh6 Qf8 22. Qxf8+ Rxf8 23. g5 $36 {1-0 (58) Gligoric,S (2565)-Sanz Alonso,F (2330) Montilla 1978}) ({Other options:} 9... Qh4 10. f3 Ng5 11. e4 f5 12. exf5 exf5 13. Nc2 f4 14. d5 Na6 15. Nd4 Nc5 16. Bc2 Ba6 17. Nf5 $16 {1-0 (48) Gligoric,S-Rodriguez,J Havana 1969}) (9... d6 10. f3 Nf6 11. e4 Nbd7 12. Nc2 c5 13. Bg5 Re8 14. Ne3 Qc7 15. Re1 h6 16. Bh4 Nh5 17. Bf1 Nf8 18. Ng4 f5 19. exf5 exf5 20. Ne3 Qf7 21. Qc2 g6 22. Nd5 $36 {1-0 (41) Malaniuk,V (2513)-Saulin,D (2396) Tula 2004}) 10. f3 Nf6 $146 (10... Nd6 $2 11. dxc5 bxc5 12. Bxh7+ Kxh7 13. Qxd6 Na6 14. Rb1 Bc6 15. Nd3 Qa5 16. Ne5 $16 {1-0 (61) Lin,W-Huang,R China 1987}) ({RR} 10... Nd6 11. e4 f5 12. Bf4 Qe7 13. dxc5 bxc5 14. exf5 Nxf5 15. Rb1 Bc6 16. Bxf5 exf5 17. Nc2 Qf7 18. Ne3 Na6 19. Qd3 g6 20. Nd5 Rfe8 21. Rfe1 Re6 22. Bg5 Bxd5 23. cxd5 Rxe1+ 24. Rxe1 Nc7 25. c4 {Xiong,J (2636)-Skliarov,V (2345) chess.com INT 2024 1-0 (52)}) 11. e4 Ne8 {Just a loss of time.} ({It was not easy to create counterplay but maybe something like this deserved attention:} 11... d6 12. d5 Re8 13. Nc2 Nbd7 14. Ne3 Ne5 15. Be2 Ng6 16. g3 h5 $5) 12. d5 $14 d6 13. Nc2 Nd7 14. Ne3 Nef6 (14... Ne5 15. Be2 {, and White will push f3-f4 sooner or later.}) 15. a4 a5 {Black doesn't want to allow a4-a5 but his b6-pawn may now become weak.} 16. Ra2 Qc7 $6 {It was the last moment to bring the knight to g6 slowing down White's attack:} (16... Ne5 17. Be2 Ng6) 17. f4 {[%mdl 128] Using his space advantage, White starts a kingside attack.} exd5 18. exd5 Rfe8 19. g4 $1 Nf8 20. g5 N6d7 21. h4 Rad8 22. h5 Bc8 23. Ng4 Re7 24. Rg2 Kh8 25. Qf3 Rde8 26. Qg3 {[%cal Rf4f5]} Rd8 (26... g6 27. Qh4 {[%cal Yg2h2,Yf4f5]}) 27. Bd2 Rde8 28. f5 Ne5 29. Nxe5 Rxe5 30. Bf4 Nd7 31. f6 $1 {Of course, White ignores the e5-rook so far.} g6 32. hxg6 fxg6 33. Bxg6 $1 {One of the typical Carlsen games, in which is it difficult to find out where his opponent made a decisive mistake. Was it really 9...c5 ??!} (33. Bxg6 hxg6 34. Qh4+ Kg8 35. Rh2 $18) 1-0

[Event "Olympiad-36"]
[Site "Mallorca"]
[Date "2004.10.25"]
[Round "10"]
[White "Carlsen, Magnus"]
[Black "Ibrayev, Nurlan"]
[Result "1-0"]
[WhiteElo "2581"]
[BlackElo "2476"]
[Annotator "Golod,Vitali"]
[PlyCount "33"]
[EventDate "2004.10.15"]
[EventType "team-swiss"]
[EventRounds "14"]
[EventCountry "ESP"]
[SourceTitle "CBM 104"]
[Source "ChessBase"]
[SourceDate "2005.01.27"]
[SourceVersion "1"]
[SourceVersionDate "2005.01.27"]
[SourceQuality "1"]
[WhiteTeam "Norway"]
[BlackTeam "Kazakhstan"]
[WhiteTeamCountry "NOR"]
[BlackTeamCountry "KAZ"]

1. d4 {ChessBase II} Nf6 2. c4 e6 3. Nc3 Bb4 4. Qc2 c5 ({RR} 4... O-O) ({RR} 4... d5) 5. dxc5 Bxc5 6. Nf3 Qb6 7. e3 Qc7 8. b3 $5 {Also repeatedly were checked up in previous games:} (8. Bd3 {See comments to game: Miranda,M-Tiviakov,S/New York,1998/CBM 64(0-1)(Gershon,A)(27)}) (8. a3 $5 {See annotations to Arlandi,E-Gurevich,M/Linares,1995/CBM 51(½-½)(Gurevich,M)(41)}) (8. Bd2 $5 {You can see my comments to Bosboom,M-Tiviakov,S/Leeuwarden,2004/CBM 103(½-½)(42)}) (8. Be2) ({and} 8. g4 $5) 8... b6 ({After:} 8... a6 {it deserves serious attention:} 9. g4 {For further information,you can find my comments to game: Bareev,E-Sakaev,K/Moscow,2001/CBM 86(1-0)(26)}) ({RR} 8... a6 9. g4 h6 10. Bb2 b6 11. Rg1 Bb7 12. Be2 d5 13. cxd5 Nxd5 14. Nxd5 Bxd5 15. Rc1 Bb4+ 16. Kf1 Qxc2 17. Rxc2 O-O 18. g5 h5 19. Ne5 g6 20. e4 Bb7 21. Rc7 Ra7 22. Nxg6 Re8 23. Nf4) 9. Bb2 Bb7 10. Nb5 $5 $146 {Interestingly,that in this position,this move is applied for the first time. Three games,which have reached this position were continued as follows:} (10. Be2 $5 {You can see my annotations to game: Kiriakov,P-Tiviakov,S/Port Erin,1999/CBM 74(1-0)(34)}) (10. Rd1 Be7 (10... a6 $142) 11. Bd3 a6 (11... Na6 $143 12. Nb5 Qc6 13. Qd2 $5 $14 {Kozul,Z-Ionescu,C/Berga,1991/Inf 52/564(1-0)(Kozul,Z)(33)}) 12. O-O d6 13. Qe2 Nbd7 14. Bb1 O-O 15. Nd4 Qc5 $11 {Piket,J-Tiviakov,S/Netherlands,2000(1-0)(44)}) 10... Qd8 ({Hardly it was better:} 10... Qc8 11. O-O-O a6 $5 (11... O-O 12. Ng5 (12. Bd3 $6 a6 $132) 12... h6 $8 13. Bxf6 hxg5 14. Be5 $1 $14 {×d6} (14. Bxg5 $143 a6 15. Nc3 b5 $132)) 12. Nd6+ Bxd6 13. Rxd6 Qc7 {/=}) 11. O-O-O {×d6} O-O {The contenders have hidden the kings on different sides.This fact - "harbinger" of active actions in this game.} (11... a6 $143 12. Nd6+ (12. Bxf6 $143 gxf6 13. Nd6+ Bxd6 14. Rxd6 Qc7 $13) 12... Bxd6 13. Rxd6 Ne4 14. Rd1 O-O 15. Bd3 f5 {/=}) ({RR} 11... Na6) 12. Ng5 {[%csl Rh7][%cal Gb2f6,Yf6h7]} Re8 $1 {Black had no other worthy alternative.} (12... g6 $2 13. Qc3 Be7 14. Nd6 Qc7 (14... Bc6 $2 15. Nde4 Bxe4 16. Nxe4 Kg7 17. g4 $1 h6 18. f4 $18 {g5}) 15. Nge4 $16) (12... h6 $4 13. Bxf6 Qxf6 $140 14. Qh7#) 13. h4 ({It was very difficult to decide on Fritz's continuation:} 13. Bxf6 $5 Qxf6 14. Qxh7+ (14. Nc7 $2 Qxg5 15. Nxe8 Qe5 $1 {[%csl Re8]} 16. Qb2 $140 (16. Kb1 Nc6 $36) 16... Ba3 $1 17. Qxa3 Qc3+ 18. Kb1 Be4+ 19. Bd3 Bxd3+ 20. Rxd3 Qxd3+ 21. Kc1 Nc6 $15) 14... Kf8 {as it is impossible to estimate the following situation:} 15. Nc7 Na6 $5 $13) 13... e5 $146 {Black,in turn, prevent a threat 14.xf6} ({Leads to favourable complications for White:} 13... h6 $6 14. Bxf6 $1 Qxf6 $140 $8 15. Nc7 hxg5 (15... Qa1+ $2 16. Kd2 Bb4+ 17. Ke2 $18) 16. Nxe8 Qa1+ 17. Kd2 Qe5 18. Qc3 Nc6 19. Qxe5 Nxe5 20. Nc7 Rc8 21. Nb5 d5 $1 {/}) ({RR} 13... h6 14. Nc7 Na6 15. Nxe8 Nxe8 16. Qh7+ Kf8 17. Qh8+ Ke7 18. Nh7 Nd6 19. Qxg7 {1-0 (19) Nielsen,P (2644)-Alexieva,S (2358) Noyon 2005 CBM 105 Extra [ChessBase II]}) 14. Nd6 Bxd6 15. Rxd6 {White have created a threat: 16.xf6 xf6 17.xh7+ f8 18.a3+ and 19.h8# But now it's not real,because of: 18...d6 (black's  has a field "e7").} h6 16. Qf5 $5 {Well-hidden provocation.} Nc6 $140 $4 {Painful blunder leading to immediate loss.} ({Also loses a game the following move:} 16... hxg5 $4 17. hxg5 Ne4 (17... Be4 18. Qh3 Nh7 19. Bd3 Bxd3 20. Rxd3 $18) 18. Qh7+ Kf8 19. Ba3 Nc5 $8 20. Qf5 $1 {[%csl Rf8][%cal Gh1h8,Gf5e5]} Kg8 21. Rh7 $1 {dh6 (×f7) or h3} Be4 (21... Ne6 22. Qh3 f5 23. g6 {with checkmated in two moves.}) 22. Rdh6 $3 f6 (22... Bxf5 23. Rh8#) 23. gxf6 Qxf6 (23... Bxf5 24. Rxg7+ Kf8 25. Rh8#) 24. Rh8+ Kf7 25. Rxf6+ gxf6 26. Qh5+ Bg6 27. Rh7+) ({It was necessary:} 16... Qe7 $1 17. Rd2 (17. Ba3 $6 Na6 {c5 a3-f8} 18. Bd3 Nc5 19. Bxc5 bxc5 20. Rxf6 Qxf6 21. Qxf6 gxf6 22. Ne4 $15) 17... g6 18. Qh3 hxg5 19. hxg5 Nh5 20. Rh2 $44 {g4}) 17. Rxf6 $3 (17. Rxf6 $3 Qxf6 (17... hxg5 $144 18. hxg5 gxf6 19. gxf6 {[%csl Rg8][%cal Gf5h7,Gh7h8]}) (17... gxf6 $2 18. Qh7+ Kf8 19. Qxf7#) 18. Qh7+ Kf8 19. Ne4 $1 $18 {[%csl Rf8][%cal Gb2a3,Gh7h8] Probably,Nurlan Ibraev missed a this obvious move.}) 1-0

[Event "Dubai op 6th"]
[Site "Dubai"]
[Date "2004.04.28"]
[Round "9"]
[White "Carlsen, Magnus"]
[Black "Iordachescu, Viorel"]
[Result "1/2-1/2"]
[WhiteElo "2552"]
[BlackElo "2627"]
[PlyCount "43"]
[EventDate "2004.04.19"]
[EventType "swiss"]
[EventRounds "9"]
[EventCountry "UAE"]
[SourceTitle "CBM 101"]
[Source "ChessBase"]
[SourceDate "2004.07.27"]
[SourceVersion "1"]
[SourceVersionDate "2004.07.27"]
[SourceQuality "1"]

1. d4 Nf6 2. c4 e6 3. Nc3 Bb4 4. Nf3 c5 5. g3 Nc6 6. Bg2 Ne4 7. Bd2 Nxd2 8. Qxd2 cxd4 9. Nxd4 Ne5 10. Nc2 ({RR} 10. Nf3 Qc7 11. Nxe5 Qxe5 12. Rc1 O-O 13. O-O Rb8 14. a3 Be7 15. Rfd1 a6 16. Ne4 b5 17. c5 a5 18. b4 axb4 19. axb4 Bb7 20. Qxd7 Bxe4 21. Qxe7 Bxg2 22. Kxg2 Qe4+ 23. Kg1 Qxb4 24. Qd7 h5 {Moiseenko,A (2568)-So,W (2745) London ENG 2025 ½-½ (59)}) 10... Be7 11. b3 O-O 12. Rd1 d6 $146 ({RR} 12... Qb6 13. Ne4 d6 14. O-O Rd8 15. Ne3 Bd7 16. Kh1 Bc6 17. Nc3 Rac8 18. h3 Nd7 19. Ne4 Nc5 20. Nxc5 dxc5 21. Qc2 g6 {½-½ (21) Ostojic,N (2475)-Kovacevic,A (2549) Banja Koviljaca 2002}) ({RR} 12... a6 13. Ne4 Rb8 14. Nd6 Qc7 15. a4 Qb6 16. Qb4 Qxb4+ 17. Nxb4 b5 18. axb5 Rb6 19. c5 Bxd6 20. cxd6 Rxb5 21. Nd3 Bb7 22. Bxb7 Nxd3+ 23. Rxd3 Rxb7 24. Kd2 Rc8 25. Rc3 Rxc3 26. Kxc3 Rb6 27. Rd1 {Alterman,B (2575)-Yudasin,L (2615) Israel 1995 0-1 (68)}) 13. Nb5 Qb6 14. O-O d5 15. Qe3 Qxe3 16. Nxe3 dxc4 17. Nxc4 Nxc4 18. bxc4 Bc5 19. Rd3 Rb8 20. Rb1 g6 21. a4 a5 22. Rbd1 1/2-1/2

[Event "Grand Slam Final 4th"]
[Site "Sao Paulo/Bilbao"]
[Date "2011.10.10"]
[Round "9"]
[White "Carlsen, Magnus"]
[Black "Ivanchuk, Vassily"]
[Result "1-0"]
[WhiteElo "2823"]
[BlackElo "2765"]
[Annotator "Carlsen,Magnus"]
[PlyCount "67"]
[EventDate "2011.09.26"]
[EventType "tourn"]
[EventRounds "10"]
[EventCountry "BRA"]
[EventCategory "22"]
[SourceTitle "CBM 145"]
[Source "ChessBase"]
[SourceDate "2011.11.11"]
[SourceVersion "1"]
[SourceVersionDate "2011.11.11"]
[SourceQuality "1"]

{[%mdl 2]} 1. d4 Nf6 2. c4 e6 3. Nc3 Bb4 4. Nf3 b6 5. Qc2 {This apparently came as a suprise to Ivanchuk, even though I played it against Anand in round 6. It might have something to do with the fact that I achieved very little in that game.} Bb7 6. a3 Bxc3+ 7. Qxc3 {All of the three main moves here, d6, 0-0 and e4, were tried against me in Bilbao. Regrettably, I did not show the same versatility, only employing two of the three possible setups from this position (no e3, e2 and so on).} Ne4 8. Qc2 f5 9. g3 ({RR} 9. e3 O-O 10. Be2 Ng5 11. d5 Nxf3+ 12. Bxf3 d6 13. b4 Qe7 14. Bb2 Nd7 15. dxe6 Bxf3 16. gxf3 Qxe6 17. f4 a5 18. Rg1 Nf6 19. b5 Rf7 20. Qc3 h6 21. Qd4 Kh7 22. Ke2 Rg8 23. Rg2 Ne4 {Belov,V (2608)-Lysyj,I (2523) Playchess.com INT 2006 ½-½ (46)}) ({RR} 9. b4 d6 10. Bb2 Nd7 11. d5 e5 12. Nd2 Ndf6 13. g3 O-O 14. Bg2 Ng5 15. h4 Nf7 16. Qxf5 Bc8 17. Qc2 a5 18. O-O axb4 19. axb4 Rxa1 20. Rxa1 Bg4 21. e4 Bh5 22. f3 Qd7 23. Qa4 Qe7 {Papayan,O (2253)-Yedidia,D (2041) chess.com INT 2023 0-1 (31)}) 9... Nf6 {A case could be made for including 9... 0-0 10.g2 before making this move, which will anyway be necessary because of g5 or d2.} 10. Bh3 {Suddenly experiencing a burst of creativity, I decided to try and exploit the extra opportunity. The main idea behind this move is to be able to drive away the black bishop from e4 after ...e4  somewhere, without exchanging bishops.} O-O 11. O-O a5 $146 {A far from obvious move, which Ivanchuk made immediately.} (11... Qe8 12. d5 {is similar to the game.}) (11... Be4 12. Qc3 Qe8 {was quite interesting however. Now d2 is bad due to ...h5, so I was going to continue playing creatively with} 13. Rd1 Qh5 14. Bf1 {with good chances of fighting for an advantage.}) ({RR} 11... Qe8 12. Rd1 Qh5 13. Bf1 a5 14. d5 Na6 15. dxe6 d6 16. Nh4 Nc5 17. Qxf5 Nb3 18. Qxh5 Nxh5 19. Ra2 Rae8 20. a4 Rxe6 21. Ra3 Nc5 22. Be3 Nf6 23. Nf3 Ng4 24. Bd4 Bc6 25. Rda1 Re4 26. Bxc5 {Babujian,L (2471)-Parligras,M (2580) Al Ain 2014 ½-½ (58)}) ({RR} 11... Qe8 12. d5 Qh5 13. Bg2 exd5 14. Nd4 Nc6 15. Nxf5 dxc4 16. Qxc4+ Kh8 17. Ne3 Rae8 18. b4 Ne5 19. Qc2 Neg4 20. Nxg4 Nxg4 21. h3 Nxf2 22. Rxf2 Rxf2 23. Kxf2 Bxg2 24. Bf4 Qxh3 25. Qxc7 Bc6 {0-1 (25) Balokas,D (2080)-Stefansson,H (2531) Plovdiv 2012}) 12. Rd1 Qe8 13. d5 Na6 14. Bf4 (14. dxe6 dxe6 15. Bf4 {looks a little bit better for White, but I was looking for something more interesting.}) 14... exd5 $2 {After this move Black is in serious trouble.} (14... d6 {looked much more logical to me} 15. dxe6 (15. Ng5 Nc5 16. b4 h6 17. bxc5 hxg5 18. Bxg5 Ne4 {Is not that clear}) 15... Be4 16. Qc3 Nc5 (16... Qh5 17. Bf1 Nc5 18. Nd4 {just transposes}) 17. Nd4 Qh5 (17... Nxe6 18. Nxe6 Qxe6 19. f3 Bb7 20. e4 $16) 18. Bf1 Rfe8 19. f3 Bb7 20. b4 Nxe6 21. Nxe6 Rxe6 22. c5 dxc5 23. bxc5 Qf7 {and Black is more or less ok.}) (14... Qh5 15. Bg2 exd5 16. Nd4 g5 {was given as interesting by online commentators. My decision to not delve deeper into it should be attributed to laziness, not arrogance.}) 15. Bxf5 dxc4 (15... Ne4 16. Bh3 {looks pretty cool for White too.}) 16. Ng5 $1 {The point. Now all kinds of tricks are possible.} Qh5 {More or less forced. Black can hardly afford to give up the h7-pawn, and} (16... h6 17. Bxd7 Qe7 (17... Qh5 18. g4 Qh4 19. Qxc4+ Kh8 20. Nf7+ Rxf7 21. Qxf7 $18) 18. Qxc4+ Kh8 19. Qe6 $1 {is pretty straightforward.}) 17. Rxd7 {This move was so tempting that I hardly looked at others.} ({With a slightly cooler head, I might have come close to considering} 17. Rd4 $1 Rae8 18. Bd2 {when h4 next will be hard to meet.}) 17... Kh8 {I quickly realised that this was the only move, but I thought there should still be some relatively easy way to win here.} (17... Nxd7 18. Bxh7+ Kh8 19. Bg6 Qg4 (19... Qh6 20. Nf7+ Rxf7 21. Bxh6) 20. h3 {loses trivially.}) 18. Re7 $6 {Objetively speaking, a mistake. Unfortunately, I was not able to coolly give up the exchange without finding a forced win.} (18. Rad1 $1 Nxd7 19. Rxd7 Nc5 {What else?} 20. Rxc7 Rad8 21. f3 {and White is dominating.}) 18... Nd5 19. Bg4 $6 {Another step in the wrong direction.} (19. Re5 Nxf4 20. gxf4 {would still retain a clear advantage.}) 19... Qg6 20. Nf7+ Kg8 21. Bf5 Qxf5 $1 {A nasty suprise.} (21... Qh5 $145 22. g4 Qh4 23. Bg3 $1 Qxe7 24. Bxh7+ Kxf7 25. Qg6#) 22. Qxf5 Nxe7 23. Nh6+ gxh6 24. Qg4+ Ng6 25. Bxh6 {Fortunately, White can still fight for an advantage here, and with the open black king White certainly has the easier game.} Rf7 26. Rd1 Re8 (26... c3 {would have been an interesting try, but it's probably no better than the game continuation} 27. h4 $1 (27. bxc3 Nc5 {is fine for Black}) 27... c2 28. Rd7 Nc5 29. Rxf7 Kxf7 30. Qc4+ Ke7 31. Qxc2 {and White is clearly on top.}) 27. h4 Nc5 28. h5 Bc8 29. Qxc4 Ne5 30. Qh4 {By now Ivanchuk had got really short on time, which was not making his job any easier.} Nc6 $2 {After this Black can hardly defend.} ({The best chance was} 30... Ne6 31. f4 (31. Rd5 Rf5 $1 {is the key}) 31... Nd7 32. e4 Kh8 {when there is still all to play for.}) 31. Rd5 Ne6 32. Qc4 (32. Qa4 {would have been even stronger, but for some reason I did not consider this move at all. My idea with the text was to win the e5-square for my rook.}) 32... Ncd8 $2 (32... Ne7 {would have held out much longer, but after} 33. Re5 Nf5 34. Qg4+ Nfg7 35. Qe4 {Black is pretty tied up, and White should win gradually.}) 33. Qg4+ {Surprisingly the fact that the c8-bishop is unprotected becomes the decisive factor.} Ng7 {Ivanchuk was visibly shocked when I captured his bishop, but} (33... Kh8 34. Bd2 $1 {would have been equally bad.}) 34. Qxc8 1-0